| 000 | 00764nam a2200229 ar4500 | ||
|---|---|---|---|
| 001 | 4975 | ||
| 005 | 20221127091052.0 | ||
| 008 | 190607s xxka 00110|eng d | ||
| 020 |
_a9781292227085(pbk) : _cSR220..00 |
||
| 082 | 0 | 4 |
_a519.5 _bM132 2018 |
| 100 | 1 | _aMcClave, James T. | |
| 245 | 1 | 0 |
_aStatistics for business and economics / _cJames Mcclave, P. Benson, Terry Sincich. |
| 250 | _a13th edition. | ||
| 260 |
_aHarlow, England : _bPearson Education, _c2018. |
||
| 300 |
_a887 pages : _billustrations(chiefly color) ; _c28 cm. |
||
| 500 | _aIncludes index. | ||
| 650 | 4 | _aStatistics. | |
| 650 | 4 |
_aEconomics _xStatistical methods. |
|
| 650 | 4 | _aCommercial statistics. | |
| 700 | 0 |
_aBenson, P. George, _ejt. author. |
|
| 700 | 0 |
_aSincich, Terry, _ejt. author. |
|
| 999 |
_c4973 _d4973 |
||